Classroom Discipline and Management

Uloženo v:
Podrobná bibliografie
Hlavní autor: Edwards, Clifford H.
Médium: Kniha
Jazyk:Undetermined
Vydáno: New York John Wiley & Sons, Inc 2004
Témata:
Tagy: Přidat tag
Žádné tagy, Buďte první, kdo otaguje tento záznam!
Thư viện lưu trữ: Trung tâm Học liệu Trường Đại học Cần Thơ
LEADER 00581nam a2200205Ia 4500
001 CTU_88080
008 210402s9999 xx 000 0 und d
020 |c 50.39 
082 |a 371.102 
082 |b E26 
100 |a Edwards, Clifford H. 
245 0 |a Classroom Discipline and Management 
245 0 |c Clifford H. Edwards 
260 |a New York 
260 |b John Wiley & Sons, Inc 
260 |c 2004 
650 |a School discipline,Classroom management 
650 |z United States,United States 
904 |i Năm 
980 |a Trung tâm Học liệu Trường Đại học Cần Thơ